| 000 | 00470cam a2200193ua 4500 | ||
|---|---|---|---|
| 001 | 9771 | ||
| 008 | 190228n ii |||gr||||Z||||||asm | ||
| 040 | _cMAIN | ||
| 041 | _aasm | ||
| 082 | _a305.89145 | ||
| 100 |
_aKurmi, Sushil, _eAuthor. |
||
| 245 |
_aAsomor chah sramikar avadan _cBy Sushil Kurmi |
||
| 250 | _a1st ed. | ||
| 260 |
_aGuwahati: _bPublication board Assam, _c2007. |
||
| 300 | _a150p. | ||
| 653 | _aSocial groups | ||
| 653 | _aTea tribes | ||
| 942 | _cBK | ||
| 999 |
_c8782 _d8782 |
||